| 000 | 00703nas a2200253 4500 | ||
|---|---|---|---|
| 001 | BR9101867 | ||
| 003 | BR-BrBNA | ||
| 005 | 20231205092008.0 | ||
| 007 | ta | ||
| 008 | 230509b bl.|||p| |||| 00| 00por d | ||
| 040 |
_aBR-BrBNA _bpor _cBiblioteca Nacional de Agricultura |
||
| 041 | _a(Pt) | ||
| 072 | _aF03 | ||
| 100 | 1 | _aZimmer, G.J. | |
| 100 | 1 | _aAmaral, A. dos S. | |
| 100 | 1 | _aBicca, L.H.F. | |
| 245 | 1 | _aClassificacao de sementes de azevem | |
| 650 | _aAZEVEM | ||
| 650 | _aSEMENTE | ||
| 650 | _aGERMINACAO | ||
| 773 | 0 |
_tLavoura Arrozeira (Brazil) _xISSN 0023-9143 _g(Sep-Oct 1985), v. 38(361) p. 17-19 _wBR9101867 |
|
| 909 |
_a202311 _bLúcia _c55 _dLúcia Elande |
||
| 942 |
_2AGRIS _n0 _cANA |
||
| 999 |
_c128598 _d128598 |
||